[Event "ICS rated blitz match"]
[Site "204.178.125.65"]
[Date "2000.09.16"]
[Round "?"]
[White "mid"]
[Black "Hossa"]
[Result "1/2-1/2"]
[WhiteElo "2350"]
[BlackElo "2573"]
[Annotator "Fritz 6 (22s)"]
[PlyCount "137"]
[EventDate "2000.??.??"]

1. e4 {B06: Moderne Verteidigung} 1... g6 2. d4 Bg7 3. h4 d5 4. e5 {
Weiss gewinnt Raum} 4... c5 5. c3 cxd4 6. cxd4 Nc6 7. Nc3 Nh6 8. Be3 Nf5 9. Qd2
Nxe3 10. Qxe3 Bg4 11. f3 Be6 12. O-O-O Rc8 13. Kb1 O-O 14. h5 Bf5+ 15. Bd3 Qd7
16. g4 Bxd3+ 17. Qxd3 Nb4 18. Qb5 Qxb5 19. Nxb5 gxh5 20. Rxh5 a6 21. Nc3 e6 22.
Nge2 (22. g5 $142 $5 $16) 22... f6 $11 23. f4 fxe5 24. dxe5 Rc4 25. a3 Nc6 26.
Rdh1 {Mit Angriff auf den rueckstaendigen Bauern} 26... d4 27. Ne4 d3 {
Schwarz hat einen starken Freibauern} 28. N2c3 (28. Nd6 $5 Ra4 29. Nc1 $17)
28... Rxf4 $19 29. Nf6+ Bxf6 30. exf6 Rxf6 31. Rxh7 b5 32. Rd7 Rxg4 33. Rxd3
Nd4 34. Rdh3 Rf2 35. Rh8+ Kf7 36. R1h7+ Rg7 (36... Kf6 $5 $17) 37. Rxg7+ $15
Kxg7 38. Ra8 Rf7 39. Rxa6 e5 40. Rd6 Rf1+ 41. Ka2 Rf7 42. Rd5 {Faellt b5?}
42... b4 {Wenn er doch jetzt b3 uebersaehe...} 43. axb4 {
Der droht, unmittelbar vorzuruecken} (43. Rxe5 $4 {
den sollte Weiss lieber stehen lassen} 43... b3+ 44. Ka1 Rf1+ 45. Re1 Rxe1+ 46.
Nd1 Rxd1#) 43... Ra7+ 44. Ra5 Re7 45. Rd5 Ra7+ 46. Kb1 Kf6 47. Rd8 Rh7 48. b5
Ke7 49. Ra8 Rh1+ 50. Ka2 Kd6 51. Rc8 Kd7 52. Rc4 Kd6 53. b6 Rh8 54. Ka3 Rb8 55.
Na4 Nc6 56. b4 Nd4 57. Kb2 Rb7 58. Kc3 Rg7 59. Rc5 Rg3+ 60. Kc4 Rg4 61. Kc3
Rg3+ 62. Kc4 Rg4 63. b7 Nc6+ 64. Kc3 Rxb4 65. Rxc6+ {
Motiv: Raeumung fuer den Zug a4-c5} 65... Kxc6 66. Kxb4 {
B8Q muss beachtet werden} 66... Kxb7 67. Kc5 {Aktiver Koenig im Endspiel} 67...
e4 68. Kd4 e3 69. Kxe3 1/2-1/2

[Event "ICS rated blitz match"]
[Site "204.178.125.65"]
[Date "2000.09.16"]
[Round "?"]
[White "Hossa"]
[Black "mid"]
[Result "1-0"]
[WhiteElo "2564"]
[BlackElo "2359"]
[Annotator "Fritz 6 (22s)"]
[PlyCount "37"]
[EventDate "2000.??.??"]

1. e4 {C00: Franzoesische Verteidigung (Seltene Zuege)} 1... e6 2. Nf3 b6 3. d4
g6 4. Bd3 Bg7 5. O-O Ne7 6. Na3 O-O 7. Bf4 d6 {Kontrolliert e5} 8. Qd2 Ba6 9.
Bxa6 Nxa6 10. Bh6 Qd7 11. Bxg7 Kxg7 12. c3 Rad8 13. Qe2 Nb8 14. Rfe1 c6 {
Sichert b5} 15. Nc4 d5 16. Nce5 Qd6 17. Qe3 Nd7 18. Ng4 dxe4 $4 (18... Ng8 $142
{ist gerade noch spielbar} 19. e5 Qc7 $14) 19. Qh6+ (19. Qh6+ Kg8 20. Ng5 Qxh2+
21. Kxh2 Nf6 22. Nxf6+ Kh8 23. Qxh7#) 1-0

[Event "ICS Rated standard match"]
[Site "204.178.125.65"]
[Date "2000.09.16"]
[Round "?"]
[White "Hossa"]
[Black "Mungo"]
[Result "1/2-1/2"]
[WhiteElo "2344"]
[BlackElo "2632"]
[Annotator "Fritz 6 (22s)"]
[PlyCount "144"]
[EventDate "2000.??.??"]

1. e4 {C47: Schottisches Vierspringerspiel} 1... e5 2. Nf3 {
Weiss kommt nun an den Druecker} 2... Nc6 3. Nc3 Nf6 4. Nxe5 $4 {
danach kann Weiss alle Traeume begraben} (4. Bb5 $142 $11 {und Weiss spielt mit
}) 4... Nxe5 $19 5. d4 Ng6 6. e5 Ng8 7. Bc4 d6 8. Qf3 {Mit der Mattdrohung Qxf7
} 8... Qd7 9. O-O dxe5 10. dxe5 Bc5 11. e6 fxe6 12. Rd1 Qf7 13. Bb5+ Ke7 14.
Bg5+ Nf6 15. Ne4 Bb4 16. Qb3 {Aufpassen!} 16... a5 17. a3 Bd6 18. Qc4 Bd7 19.
Nxd6 cxd6 20. Qc7 Kf8 $4 {wirft den Vorteil weg} (20... Rhd8 $142 {
und Schwarz kann noch kaempfen} 21. Rxd6 Nf8 $11) 21. Qxd6+ $18 Qe7 22. Qxe7+ (
22. Bxd7 $6 Qxd6 23. Rxd6 Ne4 24. Rxe6 Nxg5 $11) 22... Nxe7 23. Bxd7 (23. Rxd7
$6 Nxd7 24. Bxd7 e5 $11) 23... Kf7 24. Bxf6 Kxf6 25. Rd6 Ra6 26. Rxa6 bxa6 27.
Re1 e5 28. Rd1 Nf5 29. c3 Rb8 30. Rd2 e4 31. Bc6 e3 32. Re2 Rb6 33. Be4 Ke5 34.
Bxf5 Kxf5 35. fxe3 Ke4 36. Kf2 Rf6+ 37. Ke1 Rh6 38. h3 a4 39. Kf1 Rf6+ 40. Kg1
Kd3 41. Rf2 Rb6 42. g4 Kxe3 43. Kg2 g5 44. Kg3 h6 45. Kg2 Re6 46. Kf1 Kd3 47.
Kg1 Re3 48. Kg2 Kc4 49. Rd2 Kb3 50. Kh2 Re1 51. Kg3 Rb1 {
Uebt Druck auf den rueckstaendigen Bauern b2 aus} 52. h4 gxh4+ 53. Kxh4 Rxb2
54. Rxb2+ Kxb2 55. c4 Kxa3 56. c5 Kb4 57. c6 a3 58. c7 a2 59. c8=Q a1=Q 60.
Qb7+ Kc5 61. Qe7+ Kc6 62. Qe6+ Kb7 63. Qf7+ Kb6 64. Qe6+ Kc7 65. Qe7+ Kb6 66.
Qd6+ Kb7 67. Qd7+ Kb6 68. Qd6+ Kb5 69. Qd5+ Kb4 70. Qd6+ Kb5 71. Qd5+ Kb4 72.
Qd6+ Kb5 1/2-1/2

[Event "ICS rated blitz match"]
[Site "204.178.125.65"]
[Date "2000.09.16"]
[Round "?"]
[White "PostModernist"]
[Black "Hossa"]
[Result "1-0"]
[WhiteElo "2643"]
[BlackElo "2572"]
[Annotator "Fritz 6 (22s)"]
[PlyCount "94"]
[EventDate "2000.??.??"]

1. e4 {C54: Italienische Partie (Hauptvariante)} 1... e5 2. Bc4 Bc5 3. Nf3 Nc6
4. c3 Nf6 5. O-O Nxe4 6. Bd5 Nxf2 7. Rxf2 Bxf2+ 8. Kxf2 Ne7 9. Bb3 d6 {
Es geht um e5} 10. Kg1 e4 11. Ne1 O-O 12. d3 exd3 13. Qf3 Be6 14. Qxb7 Rb8 15.
Qf3 Bxb3 16. axb3 Rxb3 17. Rxa7 Qb8 18. Ra4 Qb6+ 19. Kh1 Nc6 20. Nxd3 Ne5 21.
Nxe5 dxe5 22. Nd2 Rb5 23. b4 Qg6 24. Ra1 Qc2 25. Nf1 e4 26. Qg3 Qd3 {
Das muss pariert werden} 27. Bf4 c6 28. Qe1 Re8 29. Ne3 Qd7 30. Rd1 Qe6 31. Rd6
Qc8 32. Qg3 Qa8 33. Rd1 Qa3 (33... Rd8 $142 $5 34. Bd6 Qa3 $16) 34. Be5 g6 ({
Nachteilig ist} 34... Rbxe5 35. Qxe5 $1 {
Eliminiert eine wichtige Deckungsfigur: e5} 35... Qa8 36. Qc7 $18) 35. Ng4
Rbxe5 36. Nxe5 Qa4 {|^xd1 darf nicht uebersehen werden} 37. Re1 Kg7 38. Nc4 Qa6
39. Nd6 Rf8 (39... Re6 $18 {ist noch eine Idee}) 40. Qe5+ Kg8 41. Nxe4 Qc4 (
41... Qb7 $18 {ist ein letzter Versuch}) 42. Nf6+ Kh8 43. Nd5+ f6 44. Qe7 Kg8
45. Nxf6+ Rxf6 46. Qxf6 Qf7 47. Qd8+ Kg7 1-0

[Event "ICS Rated blitz match"]
[Site "204.178.125.65"]
[Date "2000.09.16"]
[Round "?"]
[White "Hossa"]
[Black "LoadedGun"]
[Result "0-1"]
[WhiteElo "2559"]
[BlackElo "2336"]
[Annotator "Fritz 6 (22s)"]
[PlyCount "116"]
[EventDate "2000.??.??"]

1. e4 {C10: Franzoesische Verteidigung (Rubinstein-Variante)} 1... e6 2. d4 d5
3. Nc3 Be7 4. Nf3 Nf6 5. Bd3 dxe4 6. Nxe4 Nbd7 7. O-O Nxe4 8. Bxe4 c5 9. c3
cxd4 10. Qxd4 O-O 11. Rd1 Qa5 12. Qc4 Qc5 13. Qxc5 Nxc5 14. Bc2 Bd7 15. b4 (15.
Be3 $142 $5 {kam sehr in Betracht} 15... Rfd8 16. b4 $14) 15... Ba4 16. bxc5 (
16. Rd2 $5 {ist zu erwaegen} 16... Bxc2 17. Rxc2 $15) 16... Bxc2 17. Rd7 Rfd8
18. Rxd8+ Rxd8 19. Be3 Be4 20. Nd2 Bc6 21. Nc4 Bf6 22. Nd6 Bxc3 23. Rc1 Bf6 24.
f3 Be7 25. a3 a6 26. Rd1 b6 27. Kf2 h5 28. Ke2 h4 29. h3 Bd5 30. Ne4 f5 31. Bg5
Bxg5 32. Nxg5 Bc4+ 33. Ke1 {Nicht ohne Drohungen} 33... Rxd1+ 34. Kxd1 bxc5 35.
Ke1 e5 36. Kd2 Bf1 37. a4 Bxg2 38. Kc3 Bf1 39. Kd2 a5 40. Kc3 g6 41. Kd2 (41.
Kb3 {aendert nichts am Ausgang der Partie} 41... e4 42. Kc3 e3 $19) 41... Bc4
42. f4 e4 43. Kc3 Bd5 44. Kd2 c4 45. Kc2 (45. Kc3 {
aendert den Lauf der Dinge nicht} 45... e3 46. Kc2 Bc6 $19) 45... e3 46. Kc3
Kg7 47. Kc2 Kf8 48. Kc3 Ke7 49. Kc2 Ba8 50. Kc3 Bc6 51. Kxc4 e2 52. Kc5 (52.
Kc3 {macht keinen grossen Unterschied} 52... e1=Q+ 53. Kd3 Be4+ 54. Nxe4 fxe4+
55. Kc2 Qe2+ 56. Kb3 Qd3+ 57. Ka2 e3 58. f5 gxf5 59. Kb2 e2 60. Ka2 e1=Q 61.
Kb2 Qeb1#) 52... Bg2 53. Kc4 (53. Ne4 {hilft auch nicht mehr} 53... e1=Q 54.
Kc4 Bxe4 55. Kb5 Qb4+ 56. Ka6 Ke6 57. Ka7 Qb7#) 53... e1=Q 54. Kd3 (54. Nf3 {
waere gleichermassen fruchtlos} 54... Bf1+ 55. Kd4 Qd1+ 56. Kc3 Qc1+ 57. Kd4
Kd6 58. Nxh4 Qd2#) 54... Qd1+ 55. Ke3 (55. Kc3 {nuetzt auch nichts mehr} 55...
Qc1+ 56. Kd4 Qd2+ 57. Kc4 Bf1+ 58. Kb3 Qc1 59. Ne6 Bc4#) 55... Bf1 56. Nh7 Qe1+
57. Kd4 Qd2+ 58. Kc5 (58. Ke5 {hilft allerdings auch nicht} 58... Qd6#) 58...
Qd6# 0-1

[Event "ICS Rated blitz match"]
[Site "204.178.125.65"]
[Date "2000.09.16"]
[Round "?"]
[White "PostModernist"]
[Black "Hossa"]
[Result "1/2-1/2"]
[WhiteElo "2657"]
[BlackElo "2534"]
[Annotator "Fritz 6 (22s)"]
[PlyCount "100"]
[EventDate "2000.??.??"]

1. e4 {C54: Italienische Partie (Hauptvariante)} 1... e5 2. Bc4 Nf6 3. d3 {
Punkt e4} 3... Bc5 4. Nf3 Nc6 5. c3 {Verwehrt dem Gegner b4} 5... d6 6. Bb3 O-O
7. h3 {Befestigt g4} 7... Be6 8. Bxe6 fxe6 9. O-O {
Weiss muss dringend die Entwicklung vorantreiben.} 9... Qd7 10. Bg5 Qf7 11. b4
Bb6 12. Nbd2 a5 13. b5 Ne7 14. Nc4 Nd7 15. Nxb6 Nxb6 16. Be3 Qf6 17. Bxb6 cxb6
18. Qe2 Ng6 19. Qe3 Nf4 20. Kh1 (20. Kh2 Rac8 21. Rac1 Qf7 $11) 20... Rac8 21.
c4 Qg6 {Droht Matt: Qxg2} 22. Ne1 Rc5 23. Kh2 Qf6 24. g3 Ng6 25. Rc1 a4 26. Ng2
Rf7 27. h4 Rf8 28. Qg5 Qf3 29. h5 Nh8 30. h6 {Droht Matt} 30... Rc7 31. hxg7
Rxg7 32. Qe3 Qh5+ 33. Kg1 Qh3 34. Qxb6 Nf7 35. Ra1 (35. Rce1 $5 $11 {
sieht gut aus}) 35... Ng5 {Droht immerhin Matt} 36. Nh4 Ra8 (36... Nf3+ 37.
Nxf3 Rxf3 38. Qd8+ Rf8 39. Qxf8+ Kxf8 $19) 37. Rad1 (37. Qxd6 $2 {uebersieht}
37... Qxh4 {Die Raeumung erlaubt g5-h3} 38. gxh4 Nxe4+ 39. Kh2 Nxd6 $19) 37...
a3 38. Rfe1 Re8 (38... Rf8 39. Rd2 $11 (39. Qxd6 $143 Qg4 $17)) 39. d4 (39. Rd2
Qg4 $14) 39... h6 (39... Qg4 $142 {ist noch spielbar} 40. dxe5 Rf8 $15) 40.
dxe5 $16 (40. Qxd6 {ist schnell zu verwerfen} 40... Qxh4 41. gxh4 Nxe4+ 42. Kf1
Nxd6 43. dxe5 Nxc4 $19) 40... dxe5 41. Qa5 (41. c5 $142 $5 $16) 41... Rf8 42.
Re3 Rgf7 {Die Absicht ist Rxf2} 43. Qe1 Rxf2 44. Qxf2 (44. Rxa3 $4 {
der Bauer ist nicht zu nehmen} 44... Qh2#) 44... Rxf2 45. Kxf2 Qh2+ 46. Ng2
Nh3+ 47. Kf3 Ng5+ 48. Kf2 Nh3+ 49. Kf3 Ng5+ 50. Kf2 Nh3+ 1/2-1/2

[Event "ICS Rated blitz match"]
[Site "204.178.125.65"]
[Date "2000.09.16"]
[Round "?"]
[White "Hossa"]
[Black "PostModernist"]
[Result "0-1"]
[WhiteElo "2539"]
[BlackElo "2652"]
[Annotator "Fritz 6 (22s)"]
[PlyCount "102"]
[EventDate "2000.??.??"]

1. e4 {C47: Schottisches Vierspringerspiel} 1... e5 2. Nf3 Nc6 3. Nc3 Nf6 4.
Nxe5 Bb4 5. Nxc6 dxc6 6. d3 Qd4 7. Bd2 Ng4 8. Qe2 Bc5 9. Nd1 O-O 10. c3 Qd8 11.
g3 Ne5 12. h3 Bd6 13. d4 Ng6 14. h4 Re8 15. h5 Nf8 16. h6 g6 17. Bg2 c5 18. d5
f5 19. c4 fxe4 20. Nc3 (20. Bxe4 $6 Bf5 21. Nc3 Be5 $11) 20... Be5 21. O-O-O (
21. Bxe4 $6 Bf5 22. f3 Bxg3+ 23. Kd1 Be5 $11) 21... Bxc3 22. bxc3 c6 23. Bxe4
Bf5 24. Rh4 g5 25. Qf3 gxh4 26. Bxf5 Kh8 27. gxh4 cxd5 28. Qg4 (28. Rg1 Qf6 29.
Bg5 $18 (29. cxd5 $6 Ng6 30. Bg5 Qf7 $14)) 28... Qf6 29. cxd5 Ng6 30. Bxg6 hxg6
31. Kc2 Qa6 32. Ra1 (32. c4 Re7 33. d6 Rf7 $16) 32... Re7 33. Qf4 Rae8 34. d6 {
Auf den muss Schwarz aufpassen} 34... Re6 35. d7 $4 {
wild schwanken die Waagschalen...} (35. Qf7 Qa4+ 36. Kc1 Qa3+ 37. Kb1 Re1+ 38.
Bxe1 Rxe1+ 39. Kc2 Re2+ 40. Kd1 Re1+ 41. Kxe1 Qxc3+ 42. Ke2 Qe5+ 43. Kf3 Qxa1
44. Qg7+ Qxg7 45. hxg7+ Kxg7 46. d7 $18) 35... Rd8 36. h5 gxh5 37. Be3 Qe2+ 38.
Bd2 Qb5 39. Rh1 Qxd7 40. Qg5 $2 (40. Rd1 $142 $19) 40... Re2 41. Rd1 h4 42.
Qf6+ $4 {der Druck provoziert den entscheidenden Fehler} (42. Kb1 Qe7 43. Rg1
Qxg5 44. Bxg5 $19) 42... Kh7 43. Kb1 Qe7 44. Qf5+ Kh8 45. Qf4 Rexd2 46. Rh1 (
46. Rc1 $19 {verlaengert das Leiden}) 46... Qe6 47. Qa4 {
Schwarz darf nun die Drohung Ka1 nicht uebersehen} 47... b5 48. Qc2 (48. Rc1 {
aendert den Lauf der Dinge nicht} 48... bxa4 49. Rc2 Qb6+ 50. Ka1 Rd1+ 51. Rc1
Rxc1#) 48... Rxc2 49. Kxc2 Qxa2+ 50. Kc1 Rd2 51. Rxh4 Qb2# 0-1

[Event "ICS Rated blitz match"]
[Site "204.178.125.65"]
[Date "2000.09.16"]
[Round "?"]
[White "ban"]
[Black "Hossa"]
[Result "1-0"]
[WhiteElo "2814"]
[BlackElo "2528"]
[PlyCount "97"]
[EventDate "2000.??.??"]

1. Nf3 d5 2. c4 e6 3. g3 Nf6 4. Bg2 dxc4 5. Qa4+ Nbd7 6. Qxc4 c5 7. Qc2 b6 8.
O-O Bb7 9. Nc3 Bd6 10. b3 O-O 11. Bb2 a6 12. a4 Qc7 13. Rfc1 Ne5 14. a5 bxa5
15. Na4 Nxf3+ 16. Bxf3 Bxf3 17. exf3 Nd7 18. Qc3 e5 19. g4 Rfe8 20. g5 Rad8 21.
h4 Qb7 22. Re1 Qd5 23. Re3 Be7 24. f4 Qe6 25. fxe5 h6 26. f4 hxg5 27. hxg5 Nf8
28. Rf1 Qf5 29. Rg3 Ne6 30. Qe3 Rd7 31. Nb6 Rb7 32. Nc4 a4 33. bxa4 Reb8 34.
Bc1 Rb4 35. d3 Nd4 36. Qf2 Rxa4 37. Qh2 Rb1 38. Rh3 Qg4+ 39. Kh1 f6 40. gxf6
Bf8 41. Rh8+ Kf7 42. Rxf8+ Ke6 43. Qh8 Rxc4 44. Qg8+ Kd7 45. Qd5+ Kc7 46. Qd6+
Kb7 47. Rb8+ Ka7 48. Qc7+ Rb7 49. Qxb7# {Hossa checkmated} 1-0

[Event "ICS rated blitz match"]
[Site "204.178.125.65"]
[Date "2000.09.16"]
[Round "?"]
[White "Hossa"]
[Black "ban"]
[Result "1-0"]
[WhiteElo "2523"]
[BlackElo "2819"]
[PlyCount "101"]
[EventDate "2000.??.??"]

1. e4 e6 2. d4 d5 3. Nc3 Nf6 4. Bg5 dxe4 5. Nxe4 Nbd7 6. Nf3 h6 7. Bh4 Be7 8.
Nxf6+ Nxf6 9. Bc4 c5 10. dxc5 Qa5+ 11. c3 Qxc5 12. Qe2 O-O 13. Rd1 b6 14. Ne5
a6 15. O-O b5 16. Bb3 g5 17. Bg3 Bb7 18. Rfe1 Rad8 19. Ng6 Rxd1 20. Nxe7+ Qxe7
21. Rxd1 Rd8 22. Be5 Bd5 23. Bc2 Nd7 24. Bc7 Re8 25. Qh5 Kg7 26. a3 Rc8 27. Bg3
Rc4 28. Rd2 Qc5 29. Qd1 Qa7 30. Bd3 Rc5 31. h4 Bc6 32. Bc2 Nf6 33. Qe2 Rc4 34.
hxg5 hxg5 35. Be5 Rh4 36. Rd4 Rxd4 37. cxd4 Qe7 38. Qh5 Kf8 39. Qh6+ Ke8 40.
Bxf6 Qd6 41. Qxg5 Bd5 42. f3 Qf8 43. Be4 Bxe4 44. fxe4 Kd7 45. Qc5 Qd6 46. b4
Qc7 47. d5 exd5 48. exd5 Qd6 49. Qa7+ Kc8 50. Qxf7 Qb6+ 51. Kf1 {ban resigns}
1-0

[Event "ICS rated blitz match"]
[Site "204.178.125.65"]
[Date "2000.09.16"]
[Round "?"]
[White "ban"]
[Black "Hossa"]
[Result "1-0"]
[WhiteElo "2792"]
[BlackElo "2550"]
[PlyCount "87"]
[EventDate "2000.??.??"]

1. d4 d5 2. c4 e6 3. Nc3 Nf6 4. Nf3 Be7 5. Bf4 dxc4 6. e4 Bb4 7. Qc2 b5 8. a4
Bb7 9. Nd2 a6 10. axb5 axb5 11. Rxa8 Bxa8 12. Nxb5 O-O 13. f3 c6 14. Nc3 Qxd4
15. Nxc4 Qa7 16. Be3 c5 17. Kf2 Nc6 18. Bd3 Nd4 19. Qb1 Nd7 20. e5 f5 21. exf6
Nxf6 22. Bf4 Bd5 23. Rd1 Bxc4 24. Bxc4 Ng4+ 25. fxg4 Rxf4+ 26. Kg1 Qd7 27. g5
Qf7 28. Qa2 Rf2 29. Qa8+ Qf8 30. Qe4 Rxb2 31. Rf1 Qb8 32. Nb5 Qd8 33. Bxe6+
Nxe6 34. Qxe6+ Kh8 35. Nd6 Rxg2+ 36. Kxg2 Qxg5+ 37. Kh1 h6 38. Nf7+ Kh7 39.
Nxg5+ hxg5 40. Qf5+ Kh8 41. Ra1 Ba5 42. Rxa5 g6 43. Qxg6 c4 44. Ra8# {
Hossa checkmated} 1-0

[Event "ICS rated blitz match"]
[Site "204.178.125.65"]
[Date "2000.09.16"]
[Round "?"]
[White "PostModernist"]
[Black "Hossa"]
[Result "1-0"]
[WhiteElo "2647"]
[BlackElo "2544"]
[PlyCount "145"]
[EventDate "2000.??.??"]

1. d4 d5 2. Nf3 Nf6 3. e3 e6 4. Nbd2 c5 5. c3 Nc6 6. Bd3 c4 7. Bc2 Bd7 8. e4
Qc7 9. e5 Ng8 10. O-O f6 11. Re1 fxe5 12. dxe5 Nh6 13. Ng5 O-O-O 14. Qh5 Bc5
15. Nxh7 Qb6 16. Re2 Be8 17. Qh3 Bf7 18. Nf3 Ne7 19. Bxh6 gxh6 20. b4 cxb3 21.
axb3 Qb5 22. Rd2 Rdg8 23. Nd4 Qb6 24. Qxh6 Rg6 25. Qh4 Bg8 26. Bxg6 Nxg6 27.
Qg4 Bxd4 28. Rxd4 Bxh7 29. Rb4 Qc7 30. Qxe6+ Kb8 31. Qxd5 Rc8 32. e6 Nf4 33.
Qd7 Ne2+ 34. Kf1 Nxc3 35. Rc4 Qxd7 36. exd7 Bd3+ 37. Ke1 Rd8 38. Rxc3 Rxd7 39.
f4 Bb5 40. Rd1 Re7+ 41. Kd2 Re2+ 42. Kc1 Bc6 43. Rd8+ Kc7 44. Rd2 Re4 45. g3 a5
46. h4 a4 47. bxa4 Rxa4 48. Kd1 Ra1+ 49. Ke2 Rg1 50. f5 Kb8 51. f6 Rg2+ 52. Kd1
Rg1+ 53. Kc2 Rf1 54. Rd8+ Kc7 55. Rf8 Rf2+ 56. Kc1 Kd6 57. Kd1 Rh2 58. Re3 Kc5
59. f7 Rf2 60. h5 Bd5 61. Re5 Rf1+ 62. Ke2 Rf6 63. h6 Rxh6 64. Rc8+ Kd4 65.
Rxd5+ Kxd5 66. f8=Q Re6+ 67. Kd3 Ra6 68. Rc5+ Ke6 69. Qf5+ Ke7 70. Rc7+ Kd6 71.
Rd7+ Kc6 72. Qd5+ Kb6 73. Rxb7# {Hossa checkmated} 1-0

[Event "ICS rated blitz match"]
[Site "204.178.125.65"]
[Date "2000.09.16"]
[Round "?"]
[White "Hossa"]
[Black "Themanfromrio"]
[Result "1-0"]
[WhiteElo "2533"]
[BlackElo "1994"]
[PlyCount "35"]
[EventDate "2000.??.??"]

1. e4 e5 2. f4 exf4 3. Nf3 Be7 4. d4 Bh4+ 5. Ke2 d5 6. exd5 Be7 7. Bxf4 Nf6 8.
c4 O-O 9. Nc3 c6 10. dxc6 Nxc6 11. d5 Na5 12. d6 Nh5 13. dxe7 Qxe7+ 14. Be5
Nxc4 15. Nd5 Nf4+ 16. Kf2 Nxd5 17. Bxc4 Qc5+ 18. Qd4 {Themanfromrio resigns}
1-0

[Event "ICS rated blitz match"]
[Site "204.178.125.65"]
[Date "2000.09.16"]
[Round "?"]
[White "Themanfromrio"]
[Black "Hossa"]
[Result "0-1"]
[WhiteElo "1993"]
[BlackElo "2534"]
[PlyCount "44"]
[EventDate "2000.??.??"]

1. e4 e5 2. Bc4 Nf6 3. d3 Bc5 4. Nc3 Nc6 5. Bg5 Na5 6. Qf3 Nxc4 7. dxc4 c6 8.
Nge2 d6 9. O-O h6 10. Bxf6 Qxf6 11. Qxf6 gxf6 12. Rfd1 Be6 13. b3 Rg8 14. Na4
Ba3 15. Rd3 f5 16. f3 Ke7 17. Nac3 fxe4 18. fxe4 f5 19. Ng3 Raf8 20. exf5 Bxf5
21. Nxf5+ Rxf5 22. Rf1 Bc5+ {Themanfromrio resigns} 0-1

[Event "ICS rated blitz match"]
[Site "204.178.125.65"]
[Date "2000.09.16"]
[Round "?"]
[White "Hossa"]
[Black "Themanfromrio"]
[Result "1-0"]
[WhiteElo "2535"]
[BlackElo "1992"]
[PlyCount "38"]
[EventDate "2000.??.??"]

1. e4 e5 2. Nf3 d6 3. d4 exd4 4. Nxd4 g6 5. Nc3 Bg7 6. Be3 Nf6 7. Qd2 O-O 8.
O-O-O Re8 9. f3 Nc6 10. h4 Ne5 11. Bh6 Bh8 12. Bg5 a6 13. h5 b5 14. hxg6 fxg6
15. Qf4 Nf7 16. Nc6 Qd7 17. Bxf6 Qxc6 18. Bxh8 Nxh8 19. Nd5 Rf8 {
Themanfromrio resigns} 1-0

[Event "ICS Rated standard match"]
[Site "204.178.125.65"]
[Date "2000.09.16"]
[Round "?"]
[White "Hossa"]
[Black "deck"]
[Result "1-0"]
[WhiteElo "2355"]
[BlackElo "2040"]
[PlyCount "92"]
[EventDate "2000.??.??"]

1. d4 Nf6 2. c4 c5 3. d5 b5 4. cxb5 a6 5. bxa6 Bxa6 6. Nc3 g6 7. e4 Bxf1 8.
Kxf1 d6 9. Nf3 Bg7 10. g3 O-O 11. Kg2 Nbd7 12. Re1 Qa5 13. h3 Rfb8 14. e5 Ne8
15. e6 fxe6 16. Rxe6 Bf6 17. Re2 Qd8 18. Qd3 Nc7 19. Bh6 Nb6 20. Rd1 Na4 21.
Nxa4 Rxa4 22. b3 Rab4 23. Qe3 c4 24. Nd4 cxb3 25. Nc6 Qe8 26. Nxb4 Rxb4 27.
axb3 Qb5 28. Rd3 Be5 29. Rc2 Nxd5 30. Qf3 Nf6 31. Rc8+ Kf7 32. Kg1 Qb7 33. Qxb7
Rxb7 34. g4 Ne4 35. Re3 d5 36. f3 Bd4 37. fxe4 Bxe3+ 38. Bxe3 Rxb3 39. Kf2 d4
40. Bxd4 Rxh3 41. Rh8 g5 42. Kg2 Rh4 43. Kg3 Rh1 44. Be3 Kg7 45. Ra8 Re1 46.
Kf2 Rh1 {deck resigns} 1-0

[Event "ICS rated blitz match"]
[Site "204.178.125.65"]
[Date "2000.09.16"]
[Round "?"]
[White "Hossa"]
[Black "Powerslave"]
[Result "0-1"]
[WhiteElo "2536"]
[BlackElo "2739"]
[PlyCount "162"]
[EventDate "2000.??.??"]

1. Nf3 Nf6 2. d4 e6 3. c4 d5 4. Nc3 dxc4 5. e3 a6 6. Bxc4 b5 7. Bd3 Bb7 8. O-O
Nbd7 9. Bd2 c5 10. Rc1 c4 11. Bc2 Be7 12. Ng5 O-O 13. Nce4 h6 14. Nxf6+ Nxf6
15. Nf3 Rc8 16. Ne5 Qd5 17. Qf3 Qxf3 18. gxf3 Nd5 19. Be4 Bd6 20. f4 Rfe8 21.
f5 Bxe5 22. dxe5 exf5 23. Bxf5 Rcd8 24. Ba5 Ra8 25. e6 fxe6 26. Bg6 Rf8 27. Bc2
g5 28. Rcd1 Rf7 29. Bg6 Rg7 30. Be4 Rf8 31. Rfe1 g4 32. Bxd5 exd5 33. Re2 Rf5
34. Bc3 Rgf7 35. Kf1 h5 36. Rc2 Rf3 37. Ke1 Re7 38. Bb4 Re6 39. Ba5 Bc6 40. b3
Kf7 41. Bd8 Kg7 42. Rdd2 Re4 43. Ba5 Re7 44. Bd8 Ref7 45. Bb6 Kg8 46. Bd4 Bd7
47. Rc1 Bf5 48. Kf1 Bd3+ 49. Kg1 R3f5 50. h4 Rf3 51. Be5 Rh3 52. a4 Be4 53. Bh2
Rff3 54. Rd4 Rxh2 55. Rxe4 Rfh3 56. Re5 Rh1+ 57. Kg2 Rxc1 58. bxc4 Rhh1 59. Kg3
Rhg1+ 60. Kh2 dxc4 61. axb5 axb5 62. Rxb5 Rh1+ 63. Kg3 Rcg1+ 64. Kf4 Rxh4 65.
Rb8+ Kf7 66. Kg5 Rh2 67. Rc8 Rc1 68. Rc7+ Ke6 69. Rc6+ Kd5 70. Rc8 c3 71. Kg6
c2 72. Kh6 Rxf2 73. Kxh5 g3 74. Ra8 Rh1+ 75. Kg6 g2 76. Ra5+ Kc6 77. Rf5 g1=Q+
78. Kf6 Rh6+ 79. Kf7 Rxf5+ 80. Ke8 Qxe3+ 81. Kd8 Rh8# {Hossa checkmated} 0-1

[Event "ICS rated blitz match"]
[Site "204.178.125.65"]
[Date "2000.09.16"]
[Round "?"]
[White "Knightfreak"]
[Black "Hossa"]
[Result "0-1"]
[WhiteElo "2349"]
[BlackElo "2528"]
[PlyCount "100"]
[EventDate "2000.??.??"]

1. e4 e5 2. Nf3 Nc6 3. Bb5 a6 4. Ba4 Nf6 5. O-O Be7 6. Re1 b5 7. Bb3 d6 8. c3
O-O 9. h3 Bb7 10. d4 Re8 11. Nbd2 Bf8 12. d5 Ne7 13. Nf1 Ng6 14. a4 Be7 15. Ng3
Nd7 16. Bc2 bxa4 17. Rxa4 Rb8 18. Be3 Nb6 19. Ra2 Nc4 20. Bc1 Nb6 21. Bd3 Ra8
22. b4 Bf6 23. c4 Qe7 24. Be3 Nf4 25. Bf1 Nc8 26. c5 dxc5 27. bxc5 Na7 28. Bxa6
Nb5 29. Bxb5 Rxa2 30. Bxe8 Qxe8 31. Qb3 Qa8 32. c6 Bc8 33. Rb1 g6 34. Qb8 Ra1
35. Kh2 h5 36. Qxa8 Rxa8 37. Bxf4 exf4 38. Ne2 g5 39. e5 Be7 40. Rd1 Ba6 41.
Ra1 g4 42. Nfd4 f3 43. Nf4 fxg2 44. Nxg2 gxh3 45. Kxh3 Bc8+ 46. Kg3 Rxa1 47.
Nb5 Bd8 48. d6 cxd6 49. exd6 Ra5 50. c7 Bf6 {Knightfreak resigns} 0-1

[Event "ICS rated blitz match"]
[Site "204.178.125.65"]
[Date "2000.09.16"]
[Round "?"]
[White "WhiteCastles"]
[Black "Hossa"]
[Result "1-0"]
[WhiteElo "2779"]
[BlackElo "2536"]
[PlyCount "129"]
[EventDate "2000.??.??"]

1. e4 e5 2. Nc3 Nf6 3. f4 d5 4. fxe5 Nxe4 5. Nf3 Be7 6. d4 O-O 7. Bd3 f5 8.
exf6 Bxf6 9. O-O Nc6 10. Be3 Bf5 11. Qe1 Qd7 12. Nd2 Rae8 13. Nxd5 Bxd4 14.
Bxd4 Nxd4 15. Bc4 Kh8 16. Nxe4 Qc6 17. Bd3 Qxd5 18. Qe3 c5 19. c3 Nc6 20. Rad1
Bg4 21. Rde1 c4 22. Nd6 Ra8 23. Nxc4 Rad8 24. Rxf8+ Rxf8 25. b3 Qd8 26. Be4 Bd7
27. Rd1 Qf6 28. Qf3 Bg4 29. Qxf6 gxf6 30. Rd6 Nd8 31. Ne3 f5 32. Bc2 Be2 33.
Bxf5 Bb5 34. c4 Nf7 35. Re6 Bc6 36. Re7 Kg7 37. Rc7 Kh8 38. Nd5 Ng5 39. Ne7 Rf7
40. h4 Ne4 41. Be6 Rf4 42. g4 Nd2 43. Nxc6 bxc6 44. Kg2 Re4 45. Rxc6 Kg7 46.
Kf2 Kf8 47. Rc8+ Ke7 48. Bf5 Re5 49. Rc7+ Kf8 50. Bxh7 Ra5 51. g5 Rxa2 52. g6
Ke8 53. g7 Ne4+ 54. Ke3 Nf6 55. Bg6+ Kd8 56. Rf7 Ng4+ 57. Kf4 Nh6 58. Rf8+ Ke7
59. Kg5 Ng4 60. g8=Q Ne5 61. Re8+ Kd6 62. Qd5+ Kc7 63. Re7+ Nd7 64. Qxd7+ Kb6
65. Qb5# {Hossa checkmated} 1-0